000 00411nam a2200157 i 4500
001 bg
100 1 _aHIRSCH, Sigrid
245 0 _aMethoden und Formen der Literaturinformation /
_cSigrid Hirsch, Herbert Rieger.
250 _a2 bearbeitete Auflage.
260 _aLeipzig,
_c1969.
700 1 _aRIEGER, Herbert
040 _cBPK
041 _apol
942 _cKS
008 s pl f |000 0 pol
999 _c13293
_d13293
856 _uhttp://koha.tu.koszalin.pl/cgi-bin/koha/opac-detail.pl?biblionumber=13293
_yKatalog online BPK